2025-2026 Detroit Lions Roster - Statistics

General Stats
  • This quiz has been taken 27 times
  • The average score is 27 of 52
Answer Stats
Position Name % Correct
Running Back David Montgomery
100%
Running Back Jahmyr Gibbs
100%
Quarterback Jared Goff
100%
Wide Receiver Amon-Ra St. Brown
96%
Wide Receiver Jameson Williams
96%
Tight End Sam LaPorta
96%
Defensive Lineman Tyleik Williams
92%
Defensive Lineman Aidan Hutchinson
85%
Cornerback Brian Branch
85%
Offensive Lineman Penei Sewell
85%
Tight End Brock Wright
81%
Wide Receiver Isaac TeSlaa
81%
Safety Kerby Joseph
81%
Linebacker Alex Anzalone
77%
Linebacker Jack Campbell
77%
Placekicker Jake Bates
77%
Wide Receiver Kalif Raymond
73%
Cornerback D.J. Reed
69%
Punter Jack Fox
69%
Cornerback Terrion Arnold
69%
Offensive Lineman Graham Glasgow
62%
Quarterback Kyle Allen
62%
Running Back Sione Vaki
58%
Offensive Lineman Tate Ratledge
58%
Offensive Lineman Taylor Decker
58%
Defensive Lineman Al-Quadin Muhammad
54%
Defensive Lineman D.J. Reader
54%
Cornerback Amik Robertson
50%
Offensive Lineman Christian Mahogany
50%
Cornerback Rock Ya-Sin
50%
Linebacker Derrick Barnes
46%
Linebacker Malcolm Rodriguez
46%
Wide Receiver Tom Kennedy
42%
Defensive Lineman Alum McNeill
35%
Long Snapper Hogan Hatten
35%
Wide Receiver Dominic Lovett
27%
Offensive Lineman Giovanni Manu
27%
Defensive Lineman Marcus Davenport
27%
Running Back Jacob Saylors
19%
Defensive Lineman Joshua Paschal
19%
Safety Thomas Harper
19%
Linebacker Trevor Nowaske
19%
Defensive Lineman Tyler Lacy
19%
Cornerback Khalil Dorsey
15%
Offensive Lineman Miles Frazier
15%
Cornerback Nick Whiteside
15%
Defensive Lineman Roy Lopez
15%
Offensive Lineman Trystan Colon
15%
Cornerback Arthur Maulet
12%
Tight End Anthony Firkser
8%
Safety Daniel Thomas
8%
Linebacker Grant Stuard
4%
No matching quizzes found
Score Distribution
Percent of People with Each Score
Percentile by Number Answered
Your Score History
You have not taken this quiz